|
|
|
|
| LEADER |
00000nam0a2200000 4500 |
| 001 |
260353 |
| 005 |
20231101233454.0 |
| 035 |
|
|
|a (RuTPU)RU\TPU\book\283301
|
| 090 |
|
|
|a 260353
|
| 100 |
|
|
|a 20140515d1961 k y0rusy50 ca
|
| 101 |
0 |
|
|a rus
|
| 102 |
|
|
|a RU
|
| 105 |
|
|
|a a z 001zy
|
| 200 |
1 |
|
|a Гамма-лучи
|f Академия наук СССР (АН СССР), Физико-технический институт им. А. Ф. Иоффе (ФТИ) ; под ред. Л. А. Слива
|
| 210 |
|
|
|a Москва
|a Ленинград
|c Изд-во АН СССР
|d 1961
|
| 215 |
|
|
|a 720 с.
|c ил.
|
| 320 |
|
|
|a Библиография в конце глав.
|
| 606 |
1 |
|
|a Гамма-лучи
|x Взаимодействие с ядрами
|2 stltpush
|3 (RuTPU)RU\TPU\subj\5548
|9 33598
|
| 610 |
1 |
|
|a радиационные переходы
|
| 610 |
1 |
|
|a формулы
|
| 610 |
1 |
|
|a номограммы
|
| 610 |
1 |
|
|a ядра
|
| 610 |
1 |
|
|a характеристика
|
| 610 |
1 |
|
|a экспериментальные исследования
|
| 610 |
1 |
|
|a таблицы
|
| 610 |
1 |
|
|a внутренняя конверсия
|
| 610 |
1 |
|
|a конверсионные переходы
|
| 610 |
1 |
|
|a пары
|
| 610 |
1 |
|
|a угловые корреляции
|
| 610 |
1 |
|
|a внешние поля
|
| 610 |
1 |
|
|a влияние
|
| 610 |
1 |
|
|a эффект Моссбауэра
|
| 675 |
|
|
|a 539.172.3
|v 3
|
| 702 |
|
1 |
|a Слив
|b Л. А.
|4 340
|
| 712 |
0 |
2 |
|a Академия наук СССР (АН СССР)
|b Физико-технический институт им. А. Ф. Иоффе (ФТИ)
|c (Ленинград)
|2 stltpush
|3 (RuTPU)RU\TPU\col\12056
|
| 801 |
|
1 |
|a RU
|b 63413507
|c 20140515
|
| 801 |
|
2 |
|a RU
|b 63413507
|c 20140604
|g RCR
|
| 942 |
|
|
|c BK
|